000 00524nam a22001817a 4500
005 20251108175831.0
008 250721s2020 xx 000 0 ara d
082 1 4 _a811.9565/بكر
100 1 _aابو بكر، علي زياد
245 1 0 _aمن هناك الى هناك /
264 1 _aعمان :
_bامواج للنشر و التوزيع،
_c2020.
300 _a118ص.
650 1 7 _aالادب العربي
650 1 7 _aالشعر العربي
650 1 7 _aالاردن
942 _2ddc
_cBK
999 _c143540
_d143540